| 000 | 00568cam a2200229ua 4500 | ||
|---|---|---|---|
| 020 |
_a0-7069-2544-0 _c35.00 |
||
| 041 |
_aeng _h |
||
| 082 |
_a633.8 _bPIL/TE |
||
| 100 |
_aPillai , K M . _95913 |
||
| 245 |
_aText book of plantation crops / _cK M Pillai. _hTextual Documents |
||
| 250 |
_a1 / _b. |
||
| 260 |
_a : _bVikas Publishing House Pvt. Ltd , _c1984. |
||
| 300 | _a ; . | ||
| 365 | _a35.00 | ||
| 504 | _a | ||
| 650 |
_aPlantation crops _95914 |
||
| 650 |
_aPlantation Industry _95915 |
||
| 942 | _cBK | ||
| 999 |
_c20 _d20 |
||
| 003 | @ | ||
| 003 | OSt | ||